• 首页
  • 本馆介绍
  • 公告通知
  • 最新文献
  • 馆藏检索
  • 电子资源
  • 读者荐购
  • 参考咨询
  • CALIS
  • 我的图书馆
  • 登录
  • 详细信息显示
  • 放入我的书架
  • 预约/预借图书
  • 作者相关作品
  • 分类相关作品
  • 丛书相关作品
  • 出版社相关作品

书目信息

  • 表格格式
  • 工作单格式
  • 卡片格式
题名:
计算机软件技术:现代战争的智慧之神
    
 
作者: 瞿兆荣 主编
分册:  
出版信息: 北京   国防工业出版社  2000.01
页数: 260页
开本: 16开
丛书名:
单 册:
中图分类: TP31
科图分类:
主题词: 软件
电子资源:
ISBN: 7-118-02135-0
 
 
 
 
 
000 00598nam0 2200193 45
001 0012210949
005 20001221090402.4
010    @a7-118-02135-0@d25.00元
100    @a20001221d2000 km y0chiy0120 ea
101 0  @achi
105    @a z 000yy
200 1  @a计算机软件技术:现代战争的智慧之神@AJi Suan Ji Ruan Jian Ji Shu:Xian Dai Zhan Zheng De Zhi Hui Zhi Shen@f瞿兆荣主编@FQu Zhao Rong Zhu Bian
210    @a北京@c国防工业出版社@d2000.01
215    @a260页@d16开
606 0  @a软件
690    @aTP31@v3
701  0 @a瞿兆荣@4主编
801    @aCN@bPftUser@c20001221
905    @b310656@dTP31@eQ748@f1
    
    计算机软件技术:现代战争的智慧之神/瞿兆荣主编.-北京:国防工业出版社,2000.01
    260页;16开
    
    
    ISBN 7-118-02135-0:25.00元
    
●
相关链接 在E读中查询图书 在当当中查询图书 在豆瓣中查询图书


正题名:计算机软件技术:现代战争的智慧之神     索取号:TP31/Q748         预约/预借

序号 登录号 条形码 馆藏地/架位号 状态 备注
1 310656   203106566   自科库301/301自科库 46排6列4层/ [索取号:TP31/Q748] 在馆    
河南城建学院图书馆 欢迎您!
大连网信软件有限公司© 版权所有